Deutsche Städte mit -berg oder -burg - Statistiken

Allgemein
  • Dieses Quiz wurde 1.640 mal gespielt
  • Das Durchschnittsergebnis liegt bei 7 aus 13
Antwortstatistiken
Hint Antwort % Korrekt
BY Nürnberg
81%
Hamburg
80%
BW Freiburg (im Breisgau)
69%
BY Augsburg
68%
BW Heidelberg
60%
BY Regensburg
59%
SH Flensburg
55%
NI Wolfsburg
54%
ST Magdeburg
52%
BY Würzburg
52%
NI Oldenburg
43%
NRW Duisburg
41%
BW Ludwigsburg
26%
Keine übereinstimmenden Quizze gefunden
Verteilung der Resultate
Anzahl Personen mit jedem Resultat
Perzentil nach korrekt beantworteten Fragen
Ihre Resultats-Entwicklung
Sie haben dieses Quiz noch nicht gespielt